000 00807nam a2200253Ia 4500
003 OSt
005 20220923224326.0
006 a|||||r|||| 00| 0
007 ta
008 220922b |||||||| |||| 00| 0 hin d
024 _a231,180
037 _cTextual
040 _aARTS
_cARTS
_bhin
041 _2hin
_ahin
082 _aY72.2, 152M3
100 _aकेसरी, अर्जुनदास
245 0 _aआदिवासी जीवन
246 _aĀdivāsī jīvana
260 _aमिरजापुर
_b लोकरूचि प्रकाशन
_c1983
300 _a128पृ.
_ccm.
650 _aभारतीय-लोक साहित्य
942 _hY72.2, 152M3
_cTEXL
_2CC
999 _c370674
_d370674